The Special theory of relativity : a mathematical exposition
Αποθηκεύτηκε σε:
| Κύριος συγγραφέας: | |
|---|---|
| Μορφή: | Βιβλίο |
| Γλώσσα: | English |
| Δημοσίευση: |
New York :
Springer-Verlag,
c1993
|
| Σειρά: | Universitext
|
| Θέματα: | |
| Ετικέτες: |
Προσθήκη ετικέτας
Δεν υπάρχουν, Καταχωρήστε ετικέτα πρώτοι!
|
MARC
| LEADER | 00000nam a2200000 i 4500 | ||
|---|---|---|---|
| 001 | 1/38933 | ||
| 008 | 950131s1993 eng d | ||
| 020 | |a 0-387-94042-1 | ||
| 035 | |a 1994 |c ΚΩΤΣΑΚΗΣ |l 10040885 | ||
| 040 | |a GR-MY-UA |b gre |e aacr | ||
| 041 | 0 | |a eng | |
| 082 | 0 | |a 530.11 | |
| 100 | 1 | |a Das, Anadijiban. | |
| 245 | 1 | 4 | |a The Special theory of relativity : |b a mathematical exposition / |c Anadijiban Das |
| 260 | |a New York : |b Springer-Verlag, |c c1993 | ||
| 300 | |a xii, 214 p.; |c 24 cm. | ||
| 490 | 1 | |a Universitext | |
| 500 | |a Includes bibliographical references and index | ||
| 650 | 0 | 0 | |a Special relativity (Physics) |x Mathematics. |
| 650 | 0 | 0 | |a Mathematical physics. |
| 830 | 0 | |a Universitext | |
| 852 | |a INST |b SAMOS |e 19950131 |h 530.11 DAS |p 005300006025 |q 005300006025 |t BK |y 0 | ||
| 852 | |a INST |b SAMOS |e 19990310 |h 530.11 DAS |p 005300013206 |q 005300013206 |t BK |y 0 | ||
| 901 | |a BIBL-1999-1 | ||
| 909 | |a Σ |b 038715 | ||
| 909 | |a Σ |b 063112 | ||
| 922 | |a 3ΕΛΗ |b 199901 |c ΕΠΕΑΕΚ/ΜΑΘ |d GLORY | ||